The Indian Muslims/ (Record no. 18541)

MARC details
000 -LEADER
fixed length control field 00754cam a2200277 4500
001 - CONTROL NUMBER
control field 1700865
003 - CONTROL NUMBER IDENTIFIER
control field BDDh-ASL
005 - DATE AND TIME OF LATEST TRANSACTION
control field 20231015025719.0
008 - FIXED-LENGTH DATA ELEMENTS--GENERAL INFORMATION
fixed length control field 731001s1967 enk b 000 0 eng
010 ## - LIBRARY OF CONGRESS CONTROL NUMBER
LC control number 67078669
015 ## - NATIONAL BIBLIOGRAPHY NUMBER
National bibliography number B67-5669
040 ## - CATALOGING SOURCE
Original cataloging agency DLC
Transcribing agency DLC
Modifying agency BDDh-ASL
043 ## - GEOGRAPHIC AREA CODE
Geographic area code a-ii---
050 00 - LIBRARY OF CONGRESS CALL NUMBER
Classification number DS427
Item number .M8
082 00 - DEWEY DECIMAL CLASSIFICATION NUMBER
Classification number 954
Item number MUI
100 1# - MAIN ENTRY--PERSONAL NAME
Personal name Mujeeb, M.
Fuller form of name (Mohammad),
Dates associated with a name 1902-1985.
245 14 - TITLE STATEMENT
Title The Indian Muslims/
Statement of responsibility, etc. by M. Mujeeb.
260 ## - PUBLICATION, DISTRIBUTION, ETC.
Place of publication, distribution, etc. London,
Name of publisher, distributor, etc. Allen & Unwin,
Date of publication, distribution, etc. 1967.
300 ## - PHYSICAL DESCRIPTION
Extent 590 p. :
Dimensions 22 1/2 cm.
504 ## - BIBLIOGRAPHY, ETC. NOTE
Bibliography, etc. note Bibliography: p. [563]-571.
590 ## - LOCAL NOTE (RLIN)
Local note In English.
650 #0 - SUBJECT ADDED ENTRY--TOPICAL TERM
Topical term or geographic name entry element Muslims
Geographic subdivision India.
650 #0 - SUBJECT ADDED ENTRY--TOPICAL TERM
Topical term or geographic name entry element Islam
Geographic subdivision India
General subdivision History.
906 ## - LOCAL DATA ELEMENT F, LDF (RLIN)
a 7
b cbc
c orignew
d u
e opcn
f 19
g y-gencatlg
942 ## - ADDED ENTRY ELEMENTS (KOHA)
Source of classification or shelving scheme Dewey Decimal Classification
Koha item type Books
Holdings
Withdrawn status Lost status Source of classification or shelving scheme Damaged status Not for loan Collection code Home library Current library Shelving location Date acquired Source of acquisition Total Checkouts Full call number Barcode Date last seen Copy number Price effective from Koha item type Public note
    Dewey Decimal Classification   Not For Loan Non-fiction Asiatic Society Library Asiatic Society Library Harrison Collection 10/13/2020 Donated by Prof. John B. Harrison   954 MUI 101733 10/13/2020 C-1 10/13/2020 Books RARE

Powered by Koha